[Event "St Petersburg Blockade op"]
[Site "St Petersburg"]
[Date "2011.01.06"]
[Round "4"]
[White "Belenkaya, Dina"]
[Black "Churkin, Vitaly"]
[Result "1-0"]
[WhiteElo "2092"]
[BlackElo "2313"]
[PlyCount "48"]
[EventDate "2011.01.03"]
[EventType "swiss"]
[EventRounds "9"]
[EventCountry "RUS"]
[SourceTitle "CBM 140 Extra"]
[Source "ChessBase"]
[SourceDate "2011.03.01"]
[SourceVersion "1"]
[SourceVersionDate "2011.03.01"]
[SourceQuality "1"]

1. e4 g6 2. d4 Bg7 3. Nc3 d6 4. Be3 a6 5. Qd2 b5 6. Bd3 Bb7 7. Nge2 Nf6 8. f3 0-0 9. 0-0 Nbd7 10. Nd1 c5 11. c3 e5 12. Nf2 exd4 13. cxd4 d5 14. exd5 Nxd5 15. Bh6 Bxh6 16. Qxh6 cxd4 17. Be4 Qf6 18. Rfd1 Qg7 19. Qxg7+ Kxg7 20. Rxd4 N7f6 21. Rad1 Nxe4 22. Nxe4 Ne3 23. Rc1 Rac8 24. Nc5 Rc7 1-0

[Event "Anapa op"]
[Site "Anapa"]
[Date "2009.09.08"]
[Round "9"]
[White "Churkin, Vitaly"]
[Black "Efanov, Nikolai Aleksandrov"]
[Result "0-1"]
[WhiteElo "2319"]
[BlackElo "2425"]
[PlyCount "54"]
[EventDate "2009.08.31"]
[EventType "swiss"]
[EventRounds "9"]
[EventCountry "RUS"]
[SourceTitle "CBM 132 Extra"]
[Source "ChessBase"]
[SourceDate "2009.11.03"]
[SourceVersion "1"]
[SourceVersionDate "2009.11.03"]
[SourceQuality "1"]

1. d4 d5 2. c4 c6 3. Nc3 Nf6 4. e3 e6 5. Nf3 Nbd7 6. Bd3 dxc4 7. Bxc4 b5 8. Bd3 b4 9. Ne4 Nxe4 10. Bxe4 Bb7 11. 0-0 Bd6 12. a3 bxa3 13. b3 Nf6 14. Nd2 Nxe4 15. Nxe4 Bxh2+ 16. Kxh2 Qh4+ 17. Kg1 Qxe4 18. f3 Qg6 19. Bxa3 h5 20. Qd2 Qg3 21. Qa5 h4 22. Ra2 f6 23. e4 h3 24. d5 Qe5 25. Qb4 0-0-0 26. dxc6 Ba6 27. Bb2 hxg2 0-1

[Event "Anapa op"]
[Site "Anapa"]
[Date "2009.09.01"]
[Round "2"]
[White "Karaev, Seit"]
[Black "Churkin, Vitaly"]
[Result "0-1"]
[WhiteElo "2077"]
[BlackElo "2319"]
[PlyCount "104"]
[EventDate "2009.08.31"]
[EventType "swiss"]
[EventRounds "9"]
[EventCountry "RUS"]
[SourceTitle "CBM 132 Extra"]
[Source "ChessBase"]
[SourceDate "2009.11.03"]
[SourceVersion "1"]
[SourceVersionDate "2009.11.03"]
[SourceQuality "1"]

1. e4 d6 2. d4 Nf6 3. Nc3 g6 4. Bg5 Bg7 5. Qd2 c6 6. 0-0-0 b5 7. Bd3 Qa5 8. Kb1 Be6 9. b3 Na6 10. Nge2 Nb4 11. h4 h6 12. Bf4 Bd7 13. Nc1 Ng4 14. f3 Nxd3 15. Nxd3 Bxd4 16. Ne2 Qxd2 17. Bxd2 Nf2 18. Nxd4 Nxh1 19. Rxh1 f6 20. h5 c5 21. Ne2 g5 22. g4 a5 23. Nc3 Kf7 24. Nd5 Bc6 25. Bc3 Ra7 26. Re1 Rc8 27. Nc1 a4 28. Ne3 axb3 29. cxb3 e6 30. Rd1 Rd7 31. b4 cxb4 32. Bxb4 d5 33. exd5 Bxd5 34. Nxd5 Rxd5 35. Rxd5 exd5 36. Ne2 f5 37. gxf5 Kf6 38. Nc3 Rc4 39. Nxd5+ Ke5 40. Bf8 Kxd5 41. Bxh6 Rf4 42. Bxg5 Rxf3 43. h6 Rxf5 44. Bd2 Rh5 45. Kc2 Kc4 46. a3 Rh2 47. Kc1 Kb3 48. Bf4 Rh1+ 49. Kd2 Kxa3 50. Ke2 b4 51. Kf2 b3 52. Kg2 Rh5 0-1

[Event "St Petersburg White Nights op"]
[Site "St Petersburg"]
[Date "2009.06.12"]
[Round "4"]
[White "Churkin, Vitaly"]
[Black "Pimenov, Revolt"]
[Result "1-0"]
[WhiteElo "2319"]
[BlackElo "2199"]
[PlyCount "79"]
[EventDate "2009.06.09"]
[EventType "swiss"]
[EventRounds "9"]
[EventCountry "RUS"]
[SourceTitle "EXT 2011"]
[Source "ChessBase"]
[SourceDate "2010.11.26"]
[SourceVersion "1"]
[SourceVersionDate "2010.11.26"]
[SourceQuality "1"]

1. d4 e6 2. c4 b6 3. e4 Bb7 4. Bd3 f5 5. exf5 Bb4+ 6. Kf1 Nf6 7. Nf3 0-0 8. a3 Bd6 9. Nc3 c5 10. d5 exd5 11. cxd5 a6 12. a4 Qc7 13. Bc4 Kh8 14. h4 Ng4 15. Ng5 Nf6 16. Rh3 h6 17. Be3 Qd8 18. Kg1 Qe8 19. Qf3 Qh5 20. Qxh5 Nxh5 21. Nge4 Be5 22. g4 Nf6 23. Nxf6 Rxf6 24. Re1 b5 25. axb5 Bxc3 26. bxc3 axb5 27. Bxb5 Bxd5 28. Bxc5 Nc6 29. Rd3 Ra5 30. c4 Bxc4 31. Bxc4 Rxc5 32. Re8+ Kh7 33. Bg8+ Kh8 34. h5 Re5 35. Be6+ Kh7 36. Rxd7 Re1+ 37. Kg2 Re5 38. Rc7 Nd8 39. Bg8+ Kh8 40. Rxd8 1-0

[Event "St Petersburg Mai op"]
[Site "St Petersburg"]
[Date "2008.05.01"]
[Round "1"]
[White "Klobukov, Sergey"]
[Black "Churkin, Vitaly"]
[Result "0-1"]
[WhiteElo "1971"]
[BlackElo "2291"]
[PlyCount "50"]
[EventDate "2008.05.01"]
[EventType "swiss"]
[EventRounds "9"]
[EventCountry "RUS"]
[SourceTitle "CBM 124 Extra"]
[Source "ChessBase"]
[SourceDate "2008.07.03"]
[SourceVersion "1"]
[SourceVersionDate "2008.07.03"]
[SourceQuality "1"]

1. c4 e5 2. Nc3 Nf6 3. g3 Nc6 4. Bg2 Bc5 5. e3 0-0 6. Nge2 d5 7. cxd5 Nb4 8. d3 Nfxd5 9. a3 Nxc3 10. Nxc3 Nxd3+ 11. Ke2 Bg4+ 12. f3 Nxc1+ 13. Qxc1 Be6 14. Na4 Bd6 15. Rd1 Bb3 16. Rxd6 cxd6 17. Nc3 d5 18. Qd2 d4 19. exd4 exd4 20. Ne4 f5 21. Nc5 Qe7+ 22. Kf2 Qxc5 23. Rc1 Qb6 24. f4 Rac8 25. Qd3 Rxc1 0-1

[Event "St Petersburg op U18"]
[Site "St Petersburg"]
[Date "2008.01.13"]
[Round "9"]
[White "Giri, Anish"]
[Black "Churkin, Vitaly"]
[Result "1-0"]
[WhiteElo "2344"]
[BlackElo "2284"]
[PlyCount "43"]
[EventDate "2008.01.05"]
[EventType "swiss"]
[EventRounds "9"]
[EventCountry "RUS"]
[SourceTitle "CBM 122 Extra"]
[Source "ChessBase"]
[SourceDate "2008.03.04"]
[SourceVersion "1"]
[SourceVersionDate "2008.03.04"]
[SourceQuality "1"]

1. e4 e6 2. d4 b6 3. Nf3 Bb7 4. Bd3 c5 5. 0-0 cxd4 6. Nxd4 Ne7 7. Nc3 Nbc6 8. Nxc6 Nxc6 9. Re1 a6 10. Bf4 d6 11. Qh5 Be7 12. Rad1 Qc7 13. Bc4 0-0 14. Re3 Ne5 15. Rh3 h6 16. Bb3 Rfc8 17. Rg3 Kf8 18. Rxg7 Kxg7 19. Qxh6+ Kg8 20. Bxe5 dxe5 21. Rd3 Bh4 22. Rh3 1-0

[Event "St Petersburg op"]
[Site "St Petersburg"]
[Date "2007.11.04"]
[Round "9"]
[White "Trofimchuk, Vladimir"]
[Black "Churkin, Vitaly"]
[Result "0-1"]
[WhiteElo "1951"]
[BlackElo "2310"]
[PlyCount "68"]
[EventDate "2007.10.27"]
[EventType "swiss"]
[EventRounds "9"]
[EventCountry "RUS"]
[SourceTitle "CBM 121 Extra"]
[Source "ChessBase"]
[SourceDate "2008.01.10"]
[SourceVersion "1"]
[SourceVersionDate "2008.01.10"]
[SourceQuality "1"]

1. e4 d6 2. Nf3 g6 3. d4 Nf6 4. Nc3 Bg7 5. Be2 0-0 6. 0-0 Bg4 7. Be3 Nc6 8. Qd2 e5 9. d5 Ne7 10. h3 Bd7 11. a4 c6 12. Rfd1 cxd5 13. exd5 Nf5 14. Bg5 h6 15. Bxf6 Qxf6 16. Ne4 Qe7 17. c3 Rad8 18. b4 Bc8 19. Ra3 Nh4 20. c4 Nxf3+ 21. Rxf3 f5 22. Ng3 e4 23. Rb3 f4 24. Nh1 b6 25. c5 bxc5 26. bxc5 dxc5 27. d6 Qg5 28. Bc4+ Kh8 29. Qd5 Qxd5 30. Rxd5 Bd4 31. Rb8 Be6 32. Rxd8 Rxd8 33. Rxd4 cxd4 34. Bxe6 Rxd6 0-1

[Event "St Petersburg op"]
[Site "St Petersburg"]
[Date "2007.10.29"]
[Round "3"]
[White "Churkin, Vitaly"]
[Black "Solovjov, Sergey"]
[Result "0-1"]
[WhiteElo "2310"]
[BlackElo "2461"]
[PlyCount "68"]
[EventDate "2007.10.27"]
[EventType "swiss"]
[EventRounds "9"]
[EventCountry "RUS"]
[SourceTitle "CBM 121 Extra"]
[Source "ChessBase"]
[SourceDate "2008.01.10"]
[SourceVersion "1"]
[SourceVersionDate "2008.01.10"]
[SourceQuality "1"]

1. d4 Nf6 2. c4 g6 3. Nc3 Bg7 4. e4 d6 5. f3 0-0 6. Nge2 Nc6 7. Be3 a6 8. Qd2 Rb8 9. h4 h5 10. 0-0-0 b5 11. Nd5 bxc4 12. Nxf6+ Bxf6 13. g4 Nb4 14. Nc3 Be6 15. gxh5 c5 16. hxg6 Qa5 17. a3 fxg6 18. Rg1 Kf7 19. Rg5 Bxg5 20. hxg5 cxd4 21. Bxd4 Nc6 22. Be3 Rb3 23. Kc2 Rfb8 24. Rb1 Ne5 25. Be2 Qc7 26. f4 Nd3 27. Bxd3 cxd3+ 28. Qxd3 Qb7 29. Bc1 Qb6 30. Qe3 Rxc3+ 31. Kxc3 Qc6+ 32. Kd2 Rh8 33. Qe2 Bc4 34. Qf3 Rh2+ 0-1

[Event "Soukhumi op"]
[Site "Soukhumi"]
[Date "2007.08.07"]
[Round "5"]
[White "Churkin, Vitaly"]
[Black "Monina, Polina"]
[Result "1/2-1/2"]
[WhiteElo "2310"]
[BlackElo "1836"]
[PlyCount "64"]
[EventDate "2007.08.03"]
[EventType "swiss"]
[EventRounds "9"]
[EventCountry "RUS"]
[SourceTitle "EXT 2009"]
[Source "ChessBase"]
[SourceDate "2008.11.26"]
[SourceVersion "1"]
[SourceVersionDate "2008.11.26"]
[SourceQuality "1"]

1. e4 c5 2. Nf3 Nc6 3. d4 cxd4 4. Nxd4 e5 5. Nb5 d6 6. N1c3 a6 7. Na3 b5 8. Nd5 Nce7 9. c4 Nxd5 10. Qxd5 Be6 11. Qc6+ Bd7 12. Qd5 Nf6 13. Qd3 bxc4 14. Nxc4 Bc6 15. f3 Qc7 16. Be2 d5 17. exd5 Nxd5 18. 0-0 Bc5+ 19. Kh1 Rd8 20. Qf5 Bd4 21. f4 Ne7 22. Qg5 h6 23. Qg4 h5 24. Qh3 Bb5 25. Qb3 Rc8 26. Nxe5 Bxe2 27. Qxf7+ Kd8 28. Re1 Bf2 29. Qe6 Bxe1 30. Nf7+ Ke8 31. Nd6+ Kd8 32. Nf7+ Ke8 1/2-1/2

[Event "Soukhumi op"]
[Site "Soukhumi"]
[Date "2007.08.05"]
[Round "3"]
[White "Churkin, Vitaly"]
[Black "Matsenko, Vadim"]
[Result "0-1"]
[WhiteElo "2310"]
[BlackElo "2175"]
[PlyCount "32"]
[EventDate "2007.08.03"]
[EventType "swiss"]
[EventRounds "9"]
[EventCountry "RUS"]
[SourceTitle "EXT 2009"]
[Source "ChessBase"]
[SourceDate "2008.11.26"]
[SourceVersion "1"]
[SourceVersionDate "2008.11.26"]
[SourceQuality "1"]

1. d4 Nf6 2. c4 e6 3. Nf3 b6 4. Nc3 Bb7 5. Bg5 Be7 6. Qc2 h6 7. Bh4 c5 8. dxc5 bxc5 9. e3 0-0 10. Be2 d5 11. Rd1 Qa5 12. 0-0 Rd8 13. cxd5 exd5 14. Bxf6 Bxf6 15. Qb3 Qb6 16. Nxd5 Rxd5 0-1

[Event "Soukhumi op"]
[Site "Soukhumi"]
[Date "2007.08.04"]
[Round "2"]
[White "Kostrikina, Anna"]
[Black "Churkin, Vitaly"]
[Result "1-0"]
[WhiteElo "2158"]
[BlackElo "2310"]
[PlyCount "63"]
[EventDate "2007.08.03"]
[EventType "swiss"]
[EventRounds "9"]
[EventCountry "RUS"]
[SourceTitle "EXT 2009"]
[Source "ChessBase"]
[SourceDate "2008.11.26"]
[SourceVersion "1"]
[SourceVersionDate "2008.11.26"]
[SourceQuality "1"]

1. e4 d6 2. d4 Nf6 3. Nc3 g6 4. f3 Bg7 5. Be3 c6 6. Qd2 b5 7. a4 b4 8. Nd1 a5 9. Ne2 Nbd7 10. Nf4 e5 11. dxe5 Nxe5 12. h4 0-0 13. Nf2 d5 14. exd5 cxd5 15. Rd1 Qe7 16. Be2 Bf5 17. 0-0 Rac8 18. c3 Rfe8 19. Rfe1 bxc3 20. bxc3 Qa3 21. Bb5 Nc4 22. Bxc4 Rxc4 23. Nxd5 Nxd5 24. Qxd5 Qxa4 25. Bb6 Rxe1+ 26. Rxe1 Bf6 27. Qxa5 Qc6 28. Bd4 Kg7 29. Ne4 Bxe4 30. Rxe4 Bxd4+ 31. cxd4 Qf6 32. Qd2 1-0

[Event "St Petersburg Zak Memorial"]
[Site "St Petersburg"]
[Date "2007.03.25"]
[Round "2"]
[White "Churkin, Vitaly"]
[Black "Maevsky, Nikolay"]
[Result "1/2-1/2"]
[WhiteElo "2309"]
[BlackElo "2158"]
[PlyCount "43"]
[EventDate "2007.03.24"]
[EventType "team"]
[EventRounds "9"]
[EventCountry "RUS"]
[SourceTitle "CBM 117 Extra"]
[Source "ChessBase"]
[SourceDate "2007.05.09"]
[SourceVersion "1"]
[SourceVersionDate "2007.05.09"]
[SourceQuality "1"]

1. d4 Nf6 2. c4 e6 3. Nf3 Nc6 4. g3 Bb4+ 5. Bd2 Qe7 6. Nc3 d6 7. Bg2 Bxc3 8. Bxc3 Ne4 9. Rc1 Nxc3 10. Rxc3 0-0 11. 0-0 e5 12. d5 Nb8 13. b4 Bg4 14. c5 a5 15. a3 Na6 16. Qb3 axb4 17. cxd6 Qxd6 18. axb4 Bxf3 19. Bxf3 Nxb4 20. Rc4 Nxd5 21. Qxb7 Rad8 22. Bxd5 1/2-1/2

[Event "St Petersburg Autumn op"]
[Site "St Petersburg"]
[Date "2006.11.03"]
[Round "4"]
[White "Churkin, Vitaly"]
[Black "Ermolov, Vasily"]
[Result "1-0"]
[WhiteElo "2309"]
[BlackElo "2171"]
[PlyCount "141"]
[EventDate "2006.10.31"]
[EventType "swiss"]
[EventRounds "9"]
[EventCountry "RUS"]
[SourceTitle "EXT 2007"]
[Source "ChessBase"]
[SourceDate "2006.11.23"]
[SourceVersion "1"]
[SourceVersionDate "2006.11.23"]
[SourceQuality "1"]

1. d4 Nf6 2. c4 e6 3. Nf3 b6 4. Nc3 Bb4 5. Bg5 h6 6. Bh4 c5 7. e3 0-0 8. Bd3 Bb7 9. 0-0 Bxc3 10. bxc3 d6 11. Nd2 Nbd7 12. a4 a5 13. Rb1 Re8 14. Ne4 Bxe4 15. Bxe4 Rb8 16. Bf3 e5 17. Bd5 Qe7 18. dxe5 dxe5 19. e4 g5 20. Bg3 Kg7 21. Rb2 Rbd8 22. Qf3 Nxd5 23. cxd5 Qf6 24. Qe2 Qd6 25. f3 Rc8 26. c4 f6 27. Rfb1 Rb8 28. Be1 Kg6 29. Bc3 h5 30. g3 Rh8 31. Be1 Kf7 32. Qe3 Rbe8 33. Rg2 Reg8 34. Rgb2 Rb8 35. Kf1 Rbg8 36. Ke2 g4 37. Kd3 Ke7 38. Rg2 Rf8 39. Rf2 Kd8 40. h3 Rfg8 41. fxg4 hxg4 42. h4 Rh5 43. Bc3 Kc7 44. Rbf1 Rh7 45. Kc2 Kb7 46. Rf5 Ka6 47. Bd2 Rgh8 48. Qb3 Ka7 49. Rb1 Rb8 50. Qb5 Qc7 51. h5 Rf7 52. Rh1 Nf8 53. Rh4 Rd8 54. Rxg4 Rg7 55. Rxg7 Qxg7 56. Qc6 Qg4 57. Rxf6 Qxe4+ 58. Kd1 Qg4+ 59. Kc2 Qxc4+ 60. Kb2 Nd7 61. Rf7 Qe2 62. Rxd7+ Rxd7 63. Qxd7+ Kb8 64. Kc2 Qc4+ 65. Bc3 Qa2+ 66. Kd3 c4+ 67. Ke3 Qb3 68. Qe8+ Ka7 69. Qxe5 Qxa4 70. d6 Qd1 71. Bd4 1-0

[Event "St Petersburg Autumn op"]
[Site "St Petersburg"]
[Date "2006.11.02"]
[Round "3"]
[White "Utkin, Aleksey"]
[Black "Churkin, Vitaly"]
[Result "1-0"]
[WhiteElo "2374"]
[BlackElo "2309"]
[PlyCount "81"]
[EventDate "2006.10.31"]
[EventType "swiss"]
[EventRounds "9"]
[EventCountry "RUS"]
[SourceTitle "EXT 2007"]
[Source "ChessBase"]
[SourceDate "2006.11.23"]
[SourceVersion "1"]
[SourceVersionDate "2006.11.23"]
[SourceQuality "1"]

1. d4 e6 2. Nf3 b6 3. e4 Bb7 4. Bd3 c5 5. Nc3 cxd4 6. Nxd4 Ne7 7. 0-0 Nbc6 8. Nxc6 Nxc6 9. Be3 Bc5 10. Bxc5 bxc5 11. Qh5 d6 12. f4 0-0 13. Rae1 Nb4 14. Rf3 g6 15. Qh6 Qf6 16. a3 Nxd3 17. Rxd3 d5 18. e5 Qg7 19. Qh3 Rab8 20. b3 Rfd8 21. Nd1 h5 22. Qh4 Kf8 23. Nc3 d4 24. Na4 c4 25. bxc4 Kg8 26. Nc5 Qf8 27. Nb3 Rbc8 28. Nd2 Rd7 29. h3 Qd8 30. Qf2 h4 31. Rb1 Kg7 32. Rd1 a5 33. Nb3 Rxc4 34. Nxd4 Bd5 35. Nb5 Rc6 36. Nd6 Kf8 37. Kh2 f5 38. R3d2 Rc3 39. Rd3 Rc6 40. c4 Bxc4 41. Nb7 1-0

[Event "Minsk Inautomarket op"]
[Site "Minsk"]
[Date "2006.07.14"]
[Round "5"]
[White "Churkin, Vitaly"]
[Black "Lomako, Pavel"]
[Result "1-0"]
[WhiteElo "2293"]
[BlackElo "2435"]
[PlyCount "43"]
[EventDate "2006.07.10"]
[EventType "swiss"]
[EventRounds "9"]
[EventCountry "BLR"]
[SourceTitle "CBM 113 Extra"]
[Source "ChessBase"]
[SourceDate "2006.09.14"]
[SourceVersion "1"]
[SourceVersionDate "2006.09.14"]
[SourceQuality "1"]

1. d4 Nf6 2. c4 e6 3. Nf3 b6 4. Nc3 Bb7 5. Bg5 Bb4 6. Nd2 h6 7. Bh4 c5 8. d5 exd5 9. cxd5 g5 10. Bg3 Nxd5 11. Qc2 Bxc3 12. bxc3 0-0 13. e4 Nf4 14. 0-0-0 Qf6 15. h4 Nc6 16. hxg5 hxg5 17. Bxf4 Qxf4 18. g3 Qf6 19. e5 Qg7 20. Ne4 Qxe5 21. Nf6+ Kg7 22. Nxd7 1-0